[Event "Aschach op"]
[Site "Aschach"]
[Date "1994.??.??"]
[Round "?"]
[White "Hresc, Vladimir"]
[Black "Hinterberger, Werner"]
[Result "1/2-1/2"]
[WhiteElo "2405"]
[BlackElo "2170"]

1.e4 g6 2.d4 Bg7 3.Nc3 c6 4.Bc4 d6 5.a4 Nf6 6.Bb3 O-O 7.Nf3 Bg4 8.h3 Bxf3
9.Qxf3 e6 10.Bg5 Nbd7 11.O-O-O Qa5 12.Bd2 Qb6 13.g4 c5 14.Be3 Ne8 15.d5 Nc7
16.Qg3 exd5 17.Nxd5 Nxd5 18.Rxd5 Nf6 19.Rdd1 Nxe4 20.Qf4 Qb4 21.f3 c4 22.Qxe4 Rae8
23.Bd2 Qxd2+ 24.Rxd2 Rxe4 25.fxe4 cxb3 26.Rxd6 bxc2 27.Kxc2 Rc8+ 28.Kb3 Re8
29.Rc1 Bh6 30.Rc4 b6 31.Rd7 a5 32.Rcc7 Rxe4 33.Rxf7 Re3+ 34.Kc4 Re4+ 35.Kd5 Rxa4
36.Rxh7 Bf8 37.Rhd7 Rb4 38.Rc6 Rb5+ 39.Ke4 Rxb2 40.Rxg6+ Kh8 41.Rf7 Bc5 42.Rc6 Kg8
43.Rb7 Re2+ 44.Kf5 Re8 45.g5 a4 46.Ra7 a3 47.h4 Rf8+ 48.Kg6  1/2-1/2

[Event "AUT-ch"]
[Site "Austria"]
[Date "1994.??.??"]
[Round "1"]
[White "Vodep, Otto"]
[Black "Kummer, Helmut"]
[Result "0-1"]
[WhiteElo "2205"]
[BlackElo "2310"]

1.e4 g6 2.d4 Bg7 3.Nc3 c6 4.g3 d6 5.Be3 Nf6 6.h3 O-O 7.a4 a5 8.Bg2 Na6 9.Nge2 Nb4
10.O-O d5 11.e5 Ne8 12.Qd2 f6 13.f4 Nc7 14.g4 Ne6 15.exf6 exf6 16.f5 Nc7
17.Ng3 Bd7 18.Nce2 Re8 19.Bf4 g5 20.Bd6 Bf8 21.Bxf8 Rxf8 22.c3 Nba6 23.Rae1 Be8
24.Rf3 Bf7 25.Re3 Qd6 26.Kh1 Rae8 27.Ng1 Qf4 28.Qd3 Rxe3 29.Qxe3 Qxe3 30.Rxe3 Rb8
31.Bf1 Kf8 32.Nf3 Ne8 33.Nd2 Nac7 34.Nb3 b6 35.Bd3 Nd6 36.Nf1 Nce8 37.Kg1 Nc4
38.Re2 Ned6 39.Nc1 b5 40.b3 Nb6 41.axb5 cxb5 42.Ra2 a4 43.Bc2 Ne8 44.Ne2 Rb7
45.Ne3 Bg8 46.Kf2  0-1

[Event "AUT-ch"]
[Site "Austria"]
[Date "1994.??.??"]
[Round "4"]
[White "Wittmann, Walter"]
[Black "Fauland, Alexander"]
[Result "1/2-1/2"]
[WhiteElo "2390"]
[BlackElo "2415"]

1.e4 g6 2.d4 Bg7 3.Nc3 c6 4.Nf3 d5 5.h3 Nf6 6.e5 Ne4 7.Nxe4 dxe4 8.Ng5 c5
9.Bc4 O-O 10.c3 Nc6 11.Be3 cxd4 12.cxd4 Na5 13.Be2 f5 14.exf6 exf6 15.Nxe4 f5
16.Nc3 f4 17.Bd2 Nc6 18.d5 Nd4 19.Bf3 Qe7+ 20.Kf1 Bf5 21.Bxf4 Bc2 22.Qd2 Nxf3
23.gxf3 Bf5 24.Kg2 Bd7 25.Bg3 Rf5 26.Rae1 Qf7 27.Re4 Rf8 28.f4 g5 29.fxg5 Bxc3
30.bxc3 Rxd5 31.Qe2 Bc6 32.Kh2 Rxg5 33.Rg4 Rg6 34.Re1 Re8 35.Rxg6+ hxg6 36.Qd1 Rxe1
37.Qxe1 Qd5 38.Qf1 Qxa2 39.Qd3 Qe6 40.Qd8+ Kf7 41.Qc7+ Kf6 42.Qf4+ Qf5 43.Qd6+  1/2-1/2

[Event "AUT-ch"]
[Site "Austria"]
[Date "1994.??.??"]
[Round "5"]
[White "Hiermann, Dietmar"]
[Black "Lehner, Oliver"]
[Result "1/2-1/2"]
[WhiteElo "2135"]
[BlackElo "2315"]

1.e4 g6 2.d4 Bg7 3.Nc3 c6 4.Be3 d5 5.f3 a5 6.Qd2 Na6 7.h4 h5 8.exd5 cxd5
9.Bb5+ Bd7 10.Be2 Nc7 11.Nh3 Bxh3 12.Rxh3 e6 13.Nb5 Ne7 14.g4 Nc6 15.O-O-O Nxb5
16.Bxb5 a4  1/2-1/2

[Event "AUT-chT2S 9394"]
[Site "AUT"]
[Date "1994.??.??"]
[Round "?"]
[White "Gazik, Igor"]
[Black "Fahrner, Kurt"]
[Result "1-0"]
[WhiteElo "2410"]
[BlackElo "2290"]

1.e4 g6 2.d4 Bg7 3.Nc3 c6 4.Nf3 d5 5.h3 dxe4 6.Nxe4 Nd7 7.Bd3 Ngf6 8.Nxf6+ Nxf6
9.O-O O-O 10.Re1 Re8 11.c4 Qb6 12.Qc2 Be6 13.Be3 Qa5 14.b4 Qc7 15.a4 Rac8
16.Rac1 Qb8 17.Qd2 b6 18.b5 Bd7 19.Ne5 Qb7 20.Qa2 c5 21.dxc5 bxc5 22.Bf4 Bf5
23.Rcd1 Ne4 24.Qc2 Nd6 25.Nc6 Rxc6 26.bxc6 Qxc6 27.Bxd6 Bxd3 28.Qxd3 exd6
29.Rxe8+ Qxe8 30.Qxd6 Bd4 31.a5 Qa4 32.Rxd4 cxd4 33.Qd8+ Kg7 34.Qxd4+ Kg8
35.Qxa7 Qxc4 36.a6 Qc1+ 37.Kh2 Qf4+ 38.g3 Qf6 39.Qa8+ Kg7 40.Kg2 h5 41.a7 Qb6
42.Qb8 Qc6+ 43.Kh2 Qc2 44.a8=Q Qxf2+ 45.Qg2 Qf5 46.Qgb2+ f6 47.Q2b7+ Kh6
48.Qh8+ Kg5 49.h4+ Kg4 50.Qb4+ Kf3 51.Qa8+  1-0

[Event "Bad Woerishofen op"]
[Site "Bad Woerishofen"]
[Date "1994.??.??"]
[Round "7"]
[White "Mainka, Romuald"]
[Black "Hodgson, Julian M"]
[Result "0-1"]
[WhiteElo "2480"]
[BlackElo "2570"]

1.e4 g6 2.d4 Bg7 3.Nc3 c6 4.h3 d5 5.Nf3 Nf6 6.e5 Ne4 7.Bd3 Nxc3 8.bxc3 c5
9.O-O c4 10.Be2 Nc6 11.Bf4 h6 12.Qd2 Bf5 13.Rab1 Qd7 14.Bg3 g5 15.Rb5 O-O-O
16.Rfb1 e6 17.Nh2 h5 18.Nf1 g4 19.h4 Bh6 20.Ne3 Bxe3 21.fxe3 Kb8 22.Qc1 Ka8
23.Bf4 Rb8 24.Bg5 Rhc8 25.Qa3 Qe8 26.R1b2 Rc7 27.Kf2 Qf8 28.Qxf8 Rxf8 29.Kg3 Be4
30.Bf1 Ne7 31.Kf4 Ng8 32.Bf6 Ne7 33.Rc5 Rd7 34.g3 b6 35.Rxc4 Ng6+ 36.Kg5 dxc4
37.Kxh5 Ne7 38.Bxc4 Nf5 39.Bb5 Rc7 40.Kxg4 Rxc3 41.Kf4 Bxc2 42.Rxc2 Rxc2
43.g4 Rf2+ 44.Ke4 Ng3+ 45.Kd3 Rc8 46.Ba4 Rxa2  0-1

[Event "Balatonbereny op"]
[Site "Balatonbereny"]
[Date "1994.??.??"]
[Round "2"]
[White "Thiel, Thomas"]
[Black "Chernyshov, Konstantin"]
[Result "1/2-1/2"]
[WhiteElo "2320"]
[BlackElo "2485"]

1.e4 g6 2.d4 Bg7 3.Nc3 c6 4.Bc4 b5 5.Bb3 a5 6.a3 Na6 7.Qf3 f6 8.h4 Nh6 9.e5 Nf5
10.Nge2 fxe5 11.g4 Nd6 12.Nxb5 Rf8 13.Nxd6+ exd6 14.Qe3 Qe7 15.h5 Bb7 16.hxg6 hxg6
17.Qg5 Rf6 18.Be3 Nc7 19.O-O-O Ne6 20.Qh4 O-O-O 21.dxe5 dxe5 22.g5 Rf7 23.Bxe6 Qxe6
24.Qa4 d5 25.Bb6 Rdd7 26.Nc3 Qf5 27.Qxa5 d4 28.Na4 e4 29.Bc5 Rd8 30.Nb6+ Kb8
31.Nc4 Kc8 32.Nb6+ Kb8 33.Nc4 Kc8 34.Qa7 d3 35.cxd3 exd3 36.Bd6 Bxb2+ 37.Kb1 d2+
38.Ka2 Qd5 39.Qb8+ Kd7 40.Qxb7+ Ke6 41.Qb3 Rf3 42.Ne3 Qxb3+ 43.Kxb3 Bd4 44.Bb4 Rxf2
45.Rxd2 Rxd2 46.Bxd2 Bxe3 47.Bxe3 Rd3+ 48.Kc4 Rxe3 49.Rf1  1/2-1/2

[Event "Balatonbereny op"]
[Site "Balatonbereny"]
[Date "1994.??.??"]
[Round "3"]
[White "Szalanczy, Emil"]
[Black "Thiel, Thomas"]
[Result "1-0"]
[WhiteElo "2420"]
[BlackElo "2320"]

1.e4 g6 2.d4 Bg7 3.Nc3 c6 4.Nf3 d5 5.h3 Nf6 6.e5 Ne4 7.Bd3 Nxc3 8.bxc3 O-O
9.O-O Nd7 10.Ng5 h6 11.Nxf7 Rxf7 12.Bxg6 Qf8 13.Qh5 Nb6 14.Bxh6 Rf6 15.Bg5  1-0

[Event "Regionalliga NO9495"]
[Site "Bayern"]
[Date "1994.??.??"]
[Round "3"]
[White "Roesch, Otto"]
[Black "Pasedag, Peter"]
[Result "1/2-1/2"]
[WhiteElo "2065"]
[BlackElo "2155"]

1.d4 g6 2.e4 Bg7 3.Nc3 c6 4.f4 d5 5.e5 h5 6.h3 Nh6 7.Bd3 Bf5 8.Nf3 Bxd3 9.Qxd3 e6
10.O-O Bf8 11.Be3 Nf5 12.Bf2 h4 13.Nd1 Nd7 14.Ne3 Be7 15.c3 c5 16.dxc5 Nxc5
17.Qb5+ Qd7 18.Qxd7+ Nxd7 19.Rfd1 Bc5 20.Nxf5 Bxf2+ 21.Kxf2 gxf5 22.Ng5 Rc8
23.Rac1 b5 24.b3 Rg8 25.Nf3 Nc5 26.Nxh4 Ne4+ 27.Kf1 Nxc3 28.Rd3 b4 29.a3 Ke7
30.axb4 Ne4 31.Ra1 Rc7 32.Nf3 Rb8 33.Nd4 Rxb4 34.Rxa7 Rxa7 35.Nc6+ Kd7 36.Nxb4 Ra1+
37.Ke2 Rg1 38.g3 Rg2+ 39.Kf1 Rb2 40.g4 fxg4 41.hxg4 Rxb3 42.Rxb3 Nd2+ 43.Ke2 Nxb3
44.Kd3 Na5 45.Ke3 Nc6 46.Nd3 Ke7 47.f5 Kf8 48.Kf4 Kg8 49.Nc5 Nd4 50.Ke3 Nc6
51.Nd7 Kg7 52.Kf4 Kg8 53.Kg5 Kg7 54.Kf4 Kg8 55.Nc5 Nd4 56.Kg5 Kg7 57.Kf4 Kg8
58.Nb7 Nc6 59.Nc5 Nd4  1/2-1/2

[Event "JUG-chT Cup"]
[Site "Becici"]
[Date "1994.??.??"]
[Round "?"]
[White "Spasov, Vasil"]
[Black "Tseshkovsky, Vitaly"]
[Result "1-0"]
[WhiteElo "2540"]
[BlackElo "2515"]

1.e4 g6 2.d4 Bg7 3.Nc3 c6 4.Nf3 d6 5.g3 Nf6 6.Bg2 O-O 7.O-O Nbd7 8.h3 e5
9.a4 a5 10.Re1 exd4 11.Nxd4 Re8 12.Bf4 Ne5 13.b3 Nfd7 14.Qd2 Nf8 15.Rad1 f6
16.Be3 Nf7 17.f4 f5 18.Bf2 Bd7 19.Qd3 Qf6 20.Qf3 Re7 21.Ndb5 fxe4 22.Rxe4 d5
23.Rxe7 Qxe7 24.Nd4 Re8 25.g4 Ne6 26.Nce2 Nd6 27.Nxe6 Qxe6 28.Ng3 Qf7 29.Re1 Rxe1+
30.Bxe1 b5 31.Bxa5 bxa4 32.bxa4 Nc4 33.Be1 Qe7 34.Bf2 Qb4 35.Qb3 Qd2 36.Qb8+ Kf7
37.Qd8 Be8 38.Qc7+ Kg8 39.Qe7 Bf7 40.Qd8+ Bf8 41.Bc5 Qe1+ 42.Kh2 Qe8 43.Qxe8 Bxe8
44.Bxf8 Kxf8 45.Bf1 Na5 46.f5 g5 47.h4 h6 48.hxg5 hxg5 49.Nh1 Ke7 50.Nf2 c5
51.Bb5 Bf7 52.Kg3 Kf6 53.Kf3 Ke5 54.Nh3 Kf6 55.Nf2 Ke5 56.Nh3 Kf6 57.Ke3 Bg8
58.Ng1 Bf7 59.Nf3 Bg8 60.Kd3 Bf7 61.Ke3 d4+ 62.Nxd4 cxd4+ 63.Kxd4 Nb7 64.Bc6 Na5
65.Bb5 Nb7 66.c4 Ke7 67.c5 Na5 68.Ke5 Nb7 69.c6  1-0

[Event "Berliner Sommer"]
[Site "Berlin"]
[Date "1994.??.??"]
[Round "?"]
[White "Skorna, Ullrich"]
[Black "Kalinin, Michael"]
[Result "1/2-1/2"]
[WhiteElo "2260"]
[BlackElo "2270"]

1.e4 g6 2.d4 Bg7 3.Nc3 c6 4.Nf3 d6 5.Be2 Nf6 6.h3 O-O 7.a4 Qc7 8.Be3 Rd8
9.Qd2 d5 10.exd5 Nxd5 11.Nxd5 cxd5 12.O-O Nc6 13.Bf4 Qd7 14.Bb5 a6 15.Bxc6 Qxc6
16.Rfe1 e6 17.Re3 Qe8 18.Bc7 Rd7 19.Rc3 f6 20.Re1 Rf7 21.a5 Bd7 22.h4 Bf8
23.Rce3 Bh6 24.Nh2 Bxe3 25.Qxe3 Rc8 26.Bd6 h5 27.c3 Rc6 28.Bb4 e5 29.dxe5 fxe5
30.Nf3 Rf4 31.Qd2 Rxf3 32.gxf3 Re6 33.Qxd5 Bc6 34.Qc4 Kh7 35.Bc5 Bxf3 36.Be3 Rc6
37.Qf1 Qc8 38.Kh2 Rc4 39.Qh3 Bg4 40.Qg3 Qf5 41.Bg5 e4 42.Qf4 Qd5 43.Be7 Bf3
44.Bf8 Kg8 45.Bh6 Qf5 46.Rg1 Bg4 47.Ra1 Rc5 48.Ra4 Qxf4+ 49.Bxf4 Bf3 50.Rb4  1/2-1/2

[Event "Berliner Sommer"]
[Site "Berlin"]
[Date "1994.??.??"]
[Round "?"]
[White "Titzhoff, Frank"]
[Black "Bielczyk, Jacek"]
[Result "0-1"]
[WhiteElo "2155"]
[BlackElo "2380"]

1.d4 g6 2.e4 Bg7 3.Nc3 c6 4.Nf3 d6 5.h3 Nd7 6.Be3 Qc7 7.Bc4 Ngf6 8.Qd2 O-O
9.O-O b5 10.Bd3 a6 11.Bh6 e5 12.dxe5 dxe5 13.Rfe1 Re8 14.Qg5 Nf8 15.Qh4 Nh5
16.Bxg7 Nxg7 17.Rad1 Nge6 18.Bf1 Kg7 19.Ne2 f6 20.Qg3 Nc5 21.Nc1 Nfe6 22.Nh4 Ng5
23.Bd3 Rd8 24.Qe3 Qe7 25.Ne2 Nce6 26.f4 exf4 27.Nxf4 Nxf4 28.Qxf4 Bxh3 29.e5 f5
30.e6 Bg4 31.Qe5+ Kg8 32.Be2 Bxe2 33.Rxd8+ Rxd8 34.Rxe2 Ne4 35.Nf3 Rd6 36.Rxe4 fxe4
37.Ng5 Rd5 38.Qb8+ Kg7 39.Nxe4 Qxe6 40.Qf4 Qe5  0-1

[Event "Berliner Sommer"]
[Site "Berlin"]
[Date "1994.??.??"]
[Round "?"]
[White "Pinkus, Lutz"]
[Black "Komliakov, Viktor"]
[Result "0-1"]
[WhiteElo "2255"]
[BlackElo "2455"]

1.e4 g6 2.d4 Bg7 3.Nc3 c6 4.f4 d5 5.e5 Nh6 6.Bd3 f6 7.Nf3 Bg4 8.O-O O-O 9.Ne2 Nd7
10.h3 Bxf3 11.Rxf3 e6 12.Qf1 fxe5 13.fxe5 Qb6 14.Kh2 Rxf3 15.gxf3 Rf8 16.c3 c5
17.f4 cxd4 18.cxd4 Nb8 19.Qg1 Nc6 20.b3 Nb4 21.Bb1 Rc8 22.Qd1 Qd8 23.a3 Qh4
24.Kg2 Nc6 25.Be3 Qh5 26.Qd2 Nf5 27.Bxf5 Qxf5 28.Ng3 Qf8 29.h4 Ne7 30.h5 Nf5
31.hxg6 Rc2  0-1

[Event "Berliner Sommer"]
[Site "Berlin"]
[Date "1994.??.??"]
[Round "?"]
[White "Schulz, Michael"]
[Black "Sokolovs, Andrei"]
[Result "1-0"]
[WhiteElo "2295"]
[BlackElo "2520"]

1.e4 g6 2.d4 Bg7 3.Nc3 c6 4.Be2 d5 5.e5 f6 6.f4 Nh6 7.Be3 Nf5 8.Bf2 fxe5
9.fxe5 c5 10.dxc5 e6 11.Nf3 O-O 12.O-O Nc6 13.g4 Nh6 14.h3 Nf7 15.Bd4 Nfxe5
16.Nxe5 Rxf1+ 17.Bxf1 Nxe5 18.Bg2 Qf6 19.Kh1 Qf4 20.Ne2 Qf7 21.Ng1 Bd7 22.Qe2 Nc6
23.Rf1 Qe7 24.Bxg7 Qxg7 25.c3 Rf8 26.Rxf8+ Qxf8 27.Qe3 Qf6 28.b4 Ne5 29.Qd4 Kf7
30.Ne2 g5 31.Qe3 Bb5 32.Nd4 Bc4 33.a4 Nd3 34.Nf3 e5 35.Nxg5+ Kg7 36.Nf3 e4
37.Nd4 Kg6 38.Nf5 Qg5 39.Qxg5+ Kxg5 40.Nd6 e3 41.Bf1 Kf4 42.Bxd3 Bxd3 43.Kg2 Be2
44.b5 Ke5 45.a5 h6 46.b6 axb6 47.axb6 Ba6 48.Kf3 d4 49.c4 Ke6 50.Nb5 h5  1-0

[Event "Berliner Sommer"]
[Site "Berlin"]
[Date "1994.??.??"]
[Round "?"]
[White "Gershon, Alik"]
[Black "Zunker, D."]
[Result "1-0"]
[WhiteElo "2355"]
[BlackElo "2235"]

1.e4 g6 2.d4 Bg7 3.Nc3 c6 4.f4 d6 5.Nf3 Bg4 6.Be3 Nd7 7.h3 Bxf3 8.Qxf3 Qa5
9.Bc4 e6 10.O-O-O b5 11.Bb3 Ne7 12.f5 exf5 13.exf5 d5 14.fxg6 hxg6 15.g4 f6
16.Rde1 Qc7 17.Kb1 Nb6 18.Ne2 O-O-O 19.Nf4 Qd7 20.Bd2 Bh6 21.Bb4 Rh7 22.Ne6 Ng8
23.Nxd8 Qxd8 24.Re6 Kb7 25.Rhe1 Qd7 26.Re8 Qf7 27.Qg3 Ne7 28.R1xe7+  1-0

[Event "Bern op"]
[Site "Bern"]
[Date "1994.??.??"]
[Round "3"]
[White "Timmer, Robert"]
[Black "Hodgson, Julian M"]
[Result "1-0"]
[WhiteElo "2300"]
[BlackElo "2570"]

1.e4 g6 2.d4 Bg7 3.Nc3 c6 4.Nf3 d5 5.h3 Nf6 6.Bd3 dxe4 7.Nxe4 Nxe4 8.Bxe4 Nd7
9.O-O O-O 10.c3 c5 11.Bg5 cxd4 12.Nxd4 h6 13.Bh4 Qb6 14.Qe2 e5 15.Nb3 g5
16.Bg3 f5 17.Bc2 a5 18.Kh1 f4 19.Bh2 a4 20.Nc1 Nf6 21.f3 Re8 22.Bg6 Re7 23.Bg1 Qc7
24.Nd3 b6 25.Rfe1 a3 26.bxa3 e4 27.fxe4 Bb7 28.e5 Rf8 29.Bd4 f3 30.gxf3 g4
31.hxg4 Nh5 32.Kg1 Bxf3 33.Qh2 Nf4 34.Nxf4 Rxe5 35.Ne6 Rxe1+ 36.Rxe1 Bxd4+
37.cxd4  1-0

[Event "GER-ch"]
[Site "Binz"]
[Date "1994.??.??"]
[Round "6"]
[White "Reefschlaeger, Helmut"]
[Black "Martynov, Pavel"]
[Result "1/2-1/2"]
[WhiteElo "2370"]
[BlackElo "2410"]

1.e4 g6 2.d4 Bg7 3.Nc3 c6 4.Nf3 d5 5.h3 dxe4 6.Nxe4 Nf6 7.Nxf6+ Bxf6 8.Bc4 b5
9.Be2 O-O 10.Bh6 Re8 11.O-O Nd7 12.a4  1/2-1/2

[Event "Bucharest-B"]
[Site "Bucharest"]
[Date "1994.??.??"]
[Round "?"]
[White "Tomescu, Vlad"]
[Black "Sanduleac, Vasile"]
[Result "1-0"]
[WhiteElo "2340"]
[BlackElo "2300"]

1.e4 g6 2.d4 Bg7 3.Nc3 c6 4.Bc4 d6 5.Nf3 Nf6 6.O-O O-O 7.e5 Ng4 8.h3 dxe5
9.hxg4 exd4 10.Ne2 b5 11.Bb3 c5 12.a4 bxa4 13.Rxa4 Bxg4 14.Nh2 Bd7 15.Ra3 Bc6
16.Ng3 Nd7 17.Re1 e6 18.Ne4 Qc7 19.Qe2 Rac8 20.Bc4 Nb6 21.Ba6 Rce8 22.Rh3 h5
23.Ng3 f5 24.Nxh5 gxh5 25.Qxh5 Rf7 26.Be2 Nd5 27.Bg5 Nf6 28.Qg6 Rff8 29.Nf3 Bxf3
30.Bxf6  1-0

[Event "Bucharest-B (Women)"]
[Site "Bucharest"]
[Date "1994.??.??"]
[Round "?"]
[White "Marin Ionescu, Luiza"]
[Black "Grigorieva, Angela"]
[Result "0-1"]
[WhiteElo "2115"]
[BlackElo "2170"]

1.e4 g6 2.d4 Bg7 3.Nc3 c6 4.Be3 Qb6 5.Rb1 d6 6.Be2 Qc7 7.f4 Nf6 8.e5 Nd5
9.Nxd5 cxd5 10.Qd2 Nc6 11.Nf3 Bg4 12.O-O e6 13.h3 Bxf3 14.Rxf3 Rc8 15.b3 O-O
16.g4 a6 17.a4 dxe5 18.fxe5 f6 19.exf6 Rxf6 20.Rbf1 Rcf8 21.Kg2 Qb6 22.Rd1 Qc7
23.Rxf6 Bxf6 24.Bf4 Qf7 25.Rf1 Qe7 26.c3 Rd8 27.Qe3 Kh8 28.g5 Bg7 29.Bg4 Re8
30.Re1 Qa3 31.Bd1 b5 32.axb5 axb5 33.Qd3 b4 34.Qb5 Qa8 35.c4 Nxd4 36.Qxb4 dxc4+
37.Kh2 cxb3 38.Be5 Bxe5+ 39.Rxe5 Nc6 40.Qe4 Nxe5 41.Qxe5+ Kg8 42.Bxb3 Qb8
43.Bxe6+ Kf8 44.Qxb8 Rxb8 45.Kg3 Rb4 46.h4 Kg7 47.Bd5 Rd4 48.Be6 h6 49.gxh6+ Kxh6
50.Bg4 Kg7 51.Be6 Kf6 52.Bg4 Ke5 53.Bc8 Rd8 54.Ba6 Kf5 55.Kf3 Rd1 56.Bc8+ Ke5
57.Bb7 Rg1 58.Bc6 Rd1 59.Bb7 Rd4 60.Kg3 Kf5 61.Bc8+ Ke5 62.Bb7 Rf4 63.Bc6 Rf1
64.Kg4 Rc1 65.Be8 Kf6 66.Bd7 Rd1 67.Bc6 Rd4+ 68.Kg3 Kf5 69.Bb7 Rd3+ 70.Bf3 Ra3
71.Kg2 Kf4 72.Bd1 Ra2+ 73.Kh3 Ra1 74.Bc2 Ra3+  0-1

[Event "Bucharest-B (Women)"]
[Site "Bucharest"]
[Date "1994.??.??"]
[Round "?"]
[White "Marin Ionescu, Luiza"]
[Black "Ionescu Brandis, Irina"]
[Result "1/2-1/2"]
[WhiteElo "2115"]
[BlackElo "2185"]

1.e4 g6 2.d4 Bg7 3.Nc3 c6 4.Be3 d6 5.Qd2 b5 6.f3 a6 7.Nge2 Nd7 8.g4 Nb6 9.Ng3 Qc7
10.Be2 Bb7 11.Nd1 e6 12.Nf2 Ne7 13.h4 e5 14.h5 exd4 15.Bxd4 Bxd4 16.Qxd4 O-O-O
17.hxg6 fxg6 18.O-O-O d5 19.Qe3 c5 20.e5 d4 21.Qg5 Nc6 22.f4 Qf7 23.b3 Nd5
24.Nfe4 Ncb4 25.Nd6+ Rxd6 26.exd6 Nxa2+ 27.Kb2 Nac3 28.Rdf1 Qe6 29.Qe5 Qxe5
30.fxe5 Ne3 31.Bf3 Nxf1 32.Bxb7+ Kxb7 33.Rxf1 Kc6 34.Rf7 h5 35.gxh5 gxh5
36.Nf5 Ne4 37.e6 Ng3 38.d7 Nxf5 39.Rxf5 Kd6 40.Rf6 Ke7 41.Rf7+ Kxe6 42.Rh7 Rd8
43.Rxh5 Kd6 44.Rh6+ Kxd7 45.Rxa6 Kc7 46.Rh6 Rd6 47.Rh5 Kc6 48.Rf5 c4 49.bxc4 bxc4
50.Kc1 Rd5 51.Rf4 Kb5  1/2-1/2

[Event "Bucharest-B"]
[Site "Bucharest"]
[Date "1994.??.??"]
[Round "?"]
[White "Kozakov, Mikhail"]
[Black "Sanduleac, Vasile"]
[Result "1-0"]
[WhiteElo "2310"]
[BlackElo "2300"]

1.e4 c6 2.d4 g6 3.Nc3 Bg7 4.Nf3 d5 5.h3 Nf6 6.e5 Ne4 7.Nxe4 dxe4 8.Ng5 c5
9.Bc4 O-O 10.c3 cxd4 11.cxd4 b5 12.Bb3 Bb7 13.h4 h6 14.h5 Qb6 15.Qg4 hxg5
16.h6 Bf6 17.h7+ Kh8 18.exf6 exf6 19.d5 Qd6 20.Be3 Nd7 21.Qxe4 a5 22.Rd1 Rac8
23.a3 Rfe8 24.Qd4 Ne5 25.Kf1 Qd7 26.Qb6 Kg7 27.Qxa5 Ng4 28.Qd2 b4 29.axb4 Qd6
30.Bd4 Ne5  1-0

[Event "Bucharest-B"]
[Site "Bucharest"]
[Date "1994.??.??"]
[Round "?"]
[White "Ionescu, Doru Alexandru"]
[Black "Sanduleac, Vasile"]
[Result "0-1"]
[WhiteElo "2310"]
[BlackElo "2300"]

1.e4 c6 2.d4 g6 3.Nc3 Bg7 4.f4 d5 5.e5 Nh6 6.Nf3 f6 7.Be2 O-O 8.O-O a5 9.a4 Na6
10.Kh1 Bg4 11.Be3 Nc7 12.h3 Bxf3 13.Bxf3 Nf5 14.Bf2 fxe5 15.fxe5 Bh6 16.Qd3 Ne6
17.g3 Qb6 18.Ne2 Rf7 19.Bg2 Raf8 20.Bg1 Qb4 21.b3 Qb6 22.Rad1 Nc7 23.Kh2 Na6
24.c3 e6 25.Rb1 Qd8 26.b4 axb4 27.cxb4 Nc7 28.b5 cxb5 29.axb5 Na8 30.Ra1 Nb6
31.g4 Nh4 32.Rxf7 Rxf7 33.Bh1 Nc4 34.Qg3 Nd2 35.Bf2 Bg5 36.Bg2 Qf8 37.Bg1 Nhf3+
38.Kh1 Bh4  0-1

[Event "ROM-ch"]
[Site "Bucharest"]
[Date "1994.??.??"]
[Round "13"]
[White "Cozianu, Costin"]
[Black "Nevednichy, Vladislav"]
[Result "1/2-1/2"]
[WhiteElo "2355"]
[BlackElo "2470"]

1.e4 g6 2.d4 Bg7 3.Nc3 c6 4.f4 d5 5.e5 Nh6 6.Nf3 f6 7.Be2 Bg4 8.Be3 Nf5 9.Bf2 O-O
10.O-O Bxf3 11.Bxf3 fxe5 12.fxe5 e6 13.Bg4 Nd7 14.Ne2 Bh6 15.Qd3 c5 16.Qh3 Qg5
17.Rae1 Kh8 18.Bxf5 gxf5 19.dxc5 Rg8 20.Nd4 Qg6 21.b4 Bd2 22.Re2 Bxb4 23.c6 bxc6
24.Nxc6 Bf8 25.Rb1 Qg4 26.Qxg4 Rxg4 27.Rb7 Nc5 28.Rb5 a6 29.Rb6 Ne4 30.h3 Rg6
31.Bd4 f4 32.c3 f3 33.Reb2 h5 34.Rb7 Re8 35.Kh2 Bh6 36.gxf3 Bf4+ 37.Kh1 Ng3+
38.Kg2 Reg8 39.Rb8 Nf5+ 40.Kf1 Rxb8 41.Rxb8+ Kh7 42.Re8 Rg3 43.Rxe6 Rxf3+
44.Kg2 Nh4+ 45.Kg1 Rxh3 46.Ne7 Rh2 47.Rf6 Nf3+ 48.Kf1 Nd2+ 49.Ke1 Nf3+ 50.Kf1  1/2-1/2

[Event "Elekes mem"]
[Site "Budapest"]
[Date "1994.??.??"]
[Round "1"]
[White "Anka, Emil"]
[Black "Siebrecht, Sebastian"]
[Result "0-1"]
[WhiteElo "2390"]
[BlackElo "2360"]

1.e4 g6 2.d4 Bg7 3.Nc3 c6 4.h3 d5 5.Nf3 dxe4 6.Nxe4 Nd7 7.Bd3 Ngf6 8.Nxf6+ Nxf6
9.O-O O-O 10.c3 Qc7 11.Re1 c5 12.dxc5 Qxc5 13.Be3 Qc7 14.Bd4 Be6 15.Rxe6 fxe6
16.Qe2 Nh5 17.Qxe6+ Kh8 18.Re1 Bxd4 19.Nxd4 Nf4 20.Qe3 Nxd3 21.Qxd3 Qf4 22.Qe2 Rf7
23.f3 Qd6 24.Qc4 Rf6 25.Qb5 a6 26.Qg5 Re8 27.Re5 b5 28.a3 Rc8 29.Qe3 Rc7
30.Kh1 Kg8 31.Ne6 Rc4 32.Nd4 Kf7 33.Re4 Rc5 34.Ne6 Rd5 35.Ng5+ Kg8 36.f4 Rxg5
37.Qe2 Rd5 38.Qg4 e5 39.c4 bxc4 40.Qc8+ Kg7  0-1

[Event "Budapest Spring op"]
[Site "Budapest"]
[Date "1994.??.??"]
[Round "1"]
[White "Kovacs, Gabor"]
[Black "Chernyshov, Konstantin"]
[Result "1-0"]
[WhiteElo "2190"]
[BlackElo "2480"]

1.e4 g6 2.d4 Bg7 3.Nc3 c6 4.Be3 d5 5.f3 dxe4 6.fxe4 e5 7.Nf3 exd4 8.Bxd4 Bxd4
9.Qxd4 Qxd4 10.Nxd4 Nf6 11.Be2 Bg4 12.e5 Bxe2 13.exf6 Ba6 14.O-O-O O-O 15.Nb3 b6
16.Rhe1 Bc4 17.Rd6 c5 18.Re7 Rc8 19.Nd2 Be6 20.Nde4 Nc6 21.Rdxe6 Nxe7 22.Rxe7 Rc6
23.Nb5 a6 24.Nbd6 Rf8 25.g4 h6 26.h4 h5 27.gxh5 gxh5 28.Re5 Rd8 29.Rg5+ Kf8
30.Rxh5 Kg8 31.Nf5  1-0

[Event "Budapest Honved"]
[Site "Budapest"]
[Date "1994.??.??"]
[Round "3"]
[White "Slobodjan, Roman"]
[Black "Csom, Istvan"]
[Result "1-0"]
[WhiteElo "2490"]
[BlackElo "2405"]

1.e4 c6 2.d4 g6 3.Nc3 Bg7 4.Nf3 Na6 5.h3 Nc7 6.Bf4 Ne6 7.Be3 d5 8.exd5 cxd5
9.Bb5+ Bd7 10.Qd3 a6 11.Bxd7+ Qxd7 12.O-O Nh6 13.Ne5 Qd6 14.Bxh6 Bxh6 15.Qf3 O-O
16.Qxd5 Nxd4 17.Rad1 Bg7 18.Nd7 Rfd8 19.Qxd6 exd6 20.Nb6 Rab8 21.Rd2 Nf5
22.Ncd5 Bxb2 23.c3 Ba3 24.Nf6+ Kg7 25.Nfd7 Rxd7 26.Nxd7 Re8 27.Rb1 b5 28.Kf1 Re4
29.Nb6 Bc5 30.Nd5 Ra4 31.g3 h5 32.Ke2 Re4+ 33.Kd3 Re5 34.Nc7 Bb6 35.Nxa6 Rd5+
36.Kc2 Rxd2+ 37.Kxd2 Bxf2 38.g4 hxg4 39.hxg4 Nh6 40.Ke2 Bh4 41.Kf3 Bf6 42.Nc7 Bxc3
43.Nxb5 Be5 44.a4  1-0

[Event "Budapest FS12 IM"]
[Site "Budapest"]
[Date "1994.??.??"]
[Round "5"]
[White "Sziebert, Adam"]
[Black "Letreguilly, Olivier"]
[Result "0-1"]
[WhiteElo "2310"]
[BlackElo "2295"]

1.e4 g6 2.d4 Bg7 3.Nc3 c6 4.Be3 d5 5.f3 Nf6 6.e5 Nfd7 7.h4 c5 8.f4 cxd4 9.Qxd4 Nb6
10.h5 O-O 11.O-O-O Bg4 12.h6 Bh8 13.Nf3 Nc6 14.Qc5 Bxf3 15.gxf3 e6 16.Nb5 Nd7
17.Qd6 a6 18.Nd4 Qe7 19.Qxe7 Nxe7 20.Bh3 Rfd8 21.Bf2 Nc5 22.f5 Bxe5 23.fxe6 Bxd4
24.exf7+ Kxf7 25.Bxd4 Ne6 26.Bxe6+ Kxe6 27.Rhe1+ Kf7 28.Be3 Nf5 29.Bg5 Rd7
30.c3 Rc8 31.Kb1 Rc4 32.Rd3 b5 33.b3 Rc6 34.Re5 d4 35.cxd4 Nxd4 36.Re4 Rcd6
37.Bf4 Rd5 38.Be5 Nf5 39.Rxd5 Rxd5 40.Bf4 Rd3 41.Kc2 Rxf3 42.a4 Rh3 43.axb5 axb5
44.Bd2 Nxh6 45.Re5 Nf5 46.Bc3 b4  0-1

[Event "Elekes mem"]
[Site "Budapest"]
[Date "1994.??.??"]
[Round "6"]
[White "Keitlinghaus, Ludger"]
[Black "Siebrecht, Sebastian"]
[Result "1/2-1/2"]
[WhiteElo "2510"]
[BlackElo "2360"]

1.e4 g6 2.d4 Bg7 3.Nc3 c6 4.Nf3 d6 5.Be2 e5 6.dxe5 dxe5 7.Qxd8+ Kxd8 8.Bc4 Ke7
9.Be3 Nd7 10.a4 f6 11.Ke2 Nh6 12.Rhd1 Ng4 13.Bc1 Nb6 14.Ba2 Be6 15.Bxe6 Kxe6
16.a5 Nd7 17.h3 Nh6 18.Be3 Nf7 19.Rd3 Rhd8 20.Na4 Bh6 21.Bxh6 Nxh6 22.Rad1 Ke7
23.Nd2 Nf7 24.Nc4 Nf8 25.Nc5 Rab8 26.Kf1 Rxd3 27.Rxd3 Nd8 28.Nd6 Nfe6 29.Nb3  1/2-1/2

[Event "Budapest FS02 GM"]
[Site "Budapest"]
[Date "1994.??.??"]
[Round "7"]
[White "Vajda, Albert"]
[Black "Siebrecht, Sebastian"]
[Result "0-1"]
[WhiteElo "2400"]
[BlackElo "2360"]

1.e4 g6 2.d4 Bg7 3.Nc3 c6 4.Bc4 d6 5.a4 Nf6 6.Nge2 O-O 7.Bg5 h6 8.Bh4 e5
9.O-O g5 10.Bg3 Nbd7 11.Qd2 Nh5 12.Rfd1 Kh8 13.dxe5 dxe5 14.Qd6 Nf4 15.a5 Qf6
16.Qb4 h5 17.f3 Rg8 18.Na4 Bf8 19.Qb3 Nc5 20.Nxc5 Bxc5+ 21.Kh1 h4 22.Be1 Nxg2
23.Kxg2 Bh3+ 24.Kh1 g4 25.f4 g3 26.hxg3 hxg3 27.Nxg3 Qh4 28.Rd2 exf4 29.Qc3+ Kh7
30.Ra3 Bxa3 31.Qxa3 fxg3 32.Kg1 Qf4 33.Qc5 Rg5 34.e5 Rxe5 35.Bd3+ Kg8  0-1

[Event "Budapest FS12 IM"]
[Site "Budapest"]
[Date "1994.??.??"]
[Round "10"]
[White "Estrada Nieto, Julian"]
[Black "Letreguilly, Olivier"]
[Result "0-1"]
[WhiteElo "2395"]
[BlackElo "2295"]

1.e4 g6 2.d4 Bg7 3.Nc3 c6 4.Nf3 d6 5.Be2 b5 6.O-O Qc7 7.Bf4 e5 8.dxe5 dxe5
9.Be3 Nf6 10.Bxb5 cxb5 11.Nxb5 Qa5 12.a4 O-O 13.Bc5 Nbd7 14.b4 Qd8 15.Bxf8 Qxf8
16.Nd6 Qe7 17.c3 Bf8 18.Nxc8 Rxc8 19.Qd3 Qe6 20.Rfc1 Bh6 21.Rd1 Qb3 22.Rab1 Qxa4
23.Ra1 Qb3 24.Rxa7 Rxc3 25.Qb1 Qc4 26.h3 Rb3 27.Qa2 Rxb4 28.Qxc4 Rxc4 29.Raxd7 Nxd7
30.Rxd7 Rxe4 31.Re7 f6 32.g4 Bf8 33.Rc7 Ra4 34.Rc6 e4 35.Nd2 Rd4 36.Nb3 Rd3
37.Nc1 Rd2 38.Nb3 Rd3 39.Nc1 Rd1+ 40.Kg2 Bd6 41.Ne2 Rd2 42.Kf1 f5 43.gxf5 gxf5
44.Ng3 e3 45.Nxf5 Rxf2+ 46.Kg1 Rxf5 47.Rxd6 e2 48.Re6 Rf1+ 49.Kg2 e1=Q  0-1